| 000 | 00395nam a22001577a 4500 | ||
|---|---|---|---|
| 999 |
_c11997 _d11997 |
||
| 008 | 211103b ||||| |||| 00| 0 eng d | ||
| 020 | _a9780007523528 | ||
| 082 |
_a813.54 _bGRE |
||
| 100 | _aGreen, John | ||
| 245 | _aLooking for Alaska | ||
| 260 |
_aGreat Britain _bHarper collins _c2005 |
||
| 300 | _a272p. | ||
| 650 | _aBoarding schools | ||
| 650 | _aInterpersonal relations | ||
| 942 | _cGB | ||